header

Coming home (Record no. 75468)

MARC details
000 -LEADER
fixed length control field 01329nam a2200337 a 4500
100 1# - MAIN ENTRY--AUTHOR NAME
Personal name Charles, Cheryl.
245 10 - TITLE STATEMENT
Title Coming home
260 ## - PUBLICATION, DISTRIBUTION, ETC. (IMPRINT)
Place of publication Fawnskin, Calif. :
Name of publisher Personhood Press,
Year of publication c2004.
300 ## - PHYSICAL DESCRIPTION
Number of Pages xii, 258 p. :
Other physical details ill.
505 0# - FORMATTED CONTENTS NOTE
Formatted contents note pt. 1. The context -- pt. 2. Community -- pt. 3. Creativity -- pt. 4. Consciousness.
650 #0 - SUBJECT ADDED ENTRY--TOPICAL TERM
Topical Term Community life.
Topical Term Organizational sociology.
Topical Term Social groups.
700 1# - ADDED ENTRY--PERSONAL NAME
Personal name Samples, Bob.
856 40 - ELECTRONIC LOCATION AND ACCESS
Uniform Resource Identifier http://site.ebrary.com/lib/rucke/Doc?id=10292303

No items available.

© 2026 Rongo University
Contact us: librarian | system librarian | Rongo university